000 00344 a2200157 4500
001 171902
020 _a85-305-0019-9
040 _cMagnum
100 _aColasanti, Marina
240 1 0 _aUm amigo para sempre
_lpor
245 1 0 _aUm amigo para sempre
300 _a16
362 0 _a1988
697 _aLITERATURA INFANTO-JUVENIL
942 _cBK
999 _c171902
_d171902